<?xml version="1.0" encoding="UTF-8"?><?xml-stylesheet type="text/xsl" href="static/style.xsl"?><OAI-PMH xmlns="http://www.openarchives.org/OAI/2.0/" xmlns:xsi="http://www.w3.org/2001/XMLSchema-instance" xsi:schemaLocation="http://www.openarchives.org/OAI/2.0/ http://www.openarchives.org/OAI/2.0/OAI-PMH.xsd"><responseDate>2026-06-04T10:20:57Z</responseDate><request verb="GetRecord" identifier="oai:recam.amb.cat:20.500.14439/2427" metadataPrefix="marc">https://recam.amb.cat/rest/oai/request</request><GetRecord><record><header><identifier>oai:recam.amb.cat:20.500.14439/2427</identifier><datestamp>2025-03-26T10:35:54Z</datestamp><setSpec>com_20.500.14439_2676</setSpec><setSpec>com_20.500.14439_126</setSpec><setSpec>col_20.500.14439_4343</setSpec></header><metadata><record xmlns="http://www.loc.gov/MARC21/slim" xmlns:dcterms="http://purl.org/dc/terms/" xmlns:xsi="http://www.w3.org/2001/XMLSchema-instance" xmlns:doc="http://www.lyncode.com/xoai" xsi:schemaLocation="http://www.loc.gov/MARC21/slim http://www.loc.gov/standards/marcxml/schema/MARC21slim.xsd">
   <leader>00925njm 22002777a 4500</leader>
   <datafield ind2=" " ind1=" " tag="042">
      <subfield code="a">dc</subfield>
   </datafield>
   <datafield ind2=" " ind1=" " tag="720">
      <subfield code="a">Àrea Metropolitana de Barcelona</subfield>
      <subfield code="e">author</subfield>
   </datafield>
   <datafield ind2=" " ind1=" " tag="260">
      <subfield code="c">2019-07-10</subfield>
   </datafield>
   <datafield ind2=" " ind1=" " tag="520">
      <subfield code="a">Comunitat educativa per a una transició energètica.La proposta educativa s'adreça a alumnes de 5è i 6è de primària i s'emmarca en els projectes d'Aprenentatge Servei - servei comunitari. L'objectiu de la proposta és apropar el món de l'energia a l'alumnat de primària i fer-los agents actius de la transició energètica convertint-los en superaagents energètics.El projecte inclou set activitats diferenciades per a 5è i 6è de primària dissenyades per treballar els continguts des de l'àmbit lingüístic, matemàtic, de coneixement del medi, artístic i de l'educació en valors durant un total de 25 hores. A la proposta educativa trobareu la relació de les competències bàsiques que es treballen i els criteris d'avaluació.L'alumnat realitza una descoberta energètica de l'aula i l'escola (5è de primària) i de les llars (6è de primària). Una de les tasques principals dels superagents és difondre a la comunitat educativa i a les famílies com podem disminuir el nostre consum.Les escoles que s'animin a dur a terme aquest projecte es poden adreçar a l'AMB a través del correu educacioambiental@amb.cat per demanar en préstec els equips de monitorització energètica i els luxímetres per realitzar la descoberta energètica del centre. L'AMB també donarà un servei d'assessorament per tal de resoldre els dubtes que puguin sortir al llarg del projecte.</subfield>
   </datafield>
   <datafield ind1="8" ind2=" " tag="024">
      <subfield code="a">https://hdl.handle.net/20.500.14439/2427</subfield>
   </datafield>
   <datafield ind1="8" ind2=" " tag="024">
      <subfield code="a">8265896</subfield>
   </datafield>
   <datafield tag="653" ind2=" " ind1=" ">
      <subfield code="a">Energia neta</subfield>
   </datafield>
   <datafield tag="653" ind2=" " ind1=" ">
      <subfield code="a">Energies renovables</subfield>
   </datafield>
   <datafield tag="653" ind2=" " ind1=" ">
      <subfield code="a">Educació ambiental</subfield>
   </datafield>
   <datafield ind2="0" ind1="0" tag="245">
      <subfield code="a">Comunitat educativa per a una transició energètica: Material didàctic per a un projecte d'aprenentatge i servei per a 5è i 6è de primària (versió reduïda)</subfield>
   </datafield>
</record></metadata></record></GetRecord></OAI-PMH>